Percy Jackson Books Quiz - Statistics

General Stats
  • This quiz has been taken 82 times
  • The average score is 5 of 5
Answer Stats
Hint Answer % Correct
1 The Lightning Thief
99%
2 The Sea of Monsters
97%
3 The Titan's Curse
91%
5 The Last Olympian
86%
4 The Battle of the Labyrinth
84%
No matching quizzes found
Score Distribution
Percent of People with Each Score
Percentile by Number Answered
Your Score History
You have not taken this quiz